Normal view
MARC view
- Fletcher, C. A. J.
Entry Personal Name
001 - CONTROL NUMBER
- control field: 2415
003 - CONTROL NUMBER IDENTIFIER
- control field: NUST
005 - DATE AND TIME OF LATEST TRANSACTION
- control field: 20170609130033.0
008 - FIXED-LENGTH DATA ELEMENTS
- fixed length control field: 170609|| aca||aabn | a|a d
040 ## - CATALOGING SOURCE
- Original cataloging agency: NUST
- Transcribing agency: NUST
100 ## - HEADING--PERSONAL NAME
- Personal name: Fletcher, C. A. J.
670 ## - SOURCE DATA FOUND
- Source citation: Work cat.: (NUST)23661: Fletcher, C. A. J., Computational techniques for fluid dynamics /, c1991-c1992.
